Statistics for Word Chain - Roman Empire

Click here to take the quiz!

General Stats

  • This quiz has been taken 78 times
  • The average score is 16 of 23

Answer Stats

HintAnswer% Correct
The Romans called it "Hispania"Spain
96%
"Fiddled while Rome Burned"Nero
94%
First EmperorAugustus
87%
It was called BritanniaEngland
87%
Largest Amphitheater in RomeColosseum
86%
Would bring water to a cityAqueduct
85%
Hannibal rode theseElephants
85%
Roman god of warMars
85%
Fought the Punic Wars against RomeCarthage
80%
Such as X,V, or INumeral
79%
Most common shoe in RomeSandal
79%
Island taken in the Punic WarsSicily
79%
What "Anno" meansYear
79%
SPQR symbolized this type of governmentRepublic
70%
Basic Clothing of all Romans and Non-RomansTunic
69%
Period coming after the RepublicEmpire
68%
City located near PompeiiNaples
65%
A.K.A The Byzantine EmpireEastern Roman
58%
The Pantheon had the largest one of theseDome
51%
Also known as Cyrenaica or TripolitaniaLibya
51%
Roman god of timeSaturn
35%
Name for the Mediterranean: Roman _____Lake
34%
Port of RomeOstia
24%

Score Distribution

Percentile by Number Answered

Percent of People with Each Score

Your Score History

You have not taken this quiz